The grammar of caste : (Record no. 138507)

MARC details
000 -LEADER
fixed length control field 00699nam a22002057a 4500
005 - DATE AND TIME OF LATEST TRANSACTION
control field 20170328161056.0
010 ## - LCCN (DPL NO)
LC control number ENG-117612
020 ## - INTERNATIONAL STANDARD BOOK NUMBER
International Standard Book Number 9780199471980
Terms of availability 495.00
020 ## - INTERNATIONAL STANDARD BOOK NUMBER
International Standard Book Number 019471983
Terms of availability 495.00
035 ## - SYSTEM CONTROL NUMBER
System control number EN-101144
037 ## - SOURCE OF ACQUISITION
Source of stock number/acquisition DABD/PUB
082 ## - DEWEY DECIMAL CLASSIFICATION NUMBER
Classification number 305.51220954
100 ## - MAIN ENTRY--PERSONAL NAME
Personal name Deshpande, Ashwini
245 ## - TITLE STATEMENT
Title The grammar of caste :
Statement of responsibility, etc by Ashwini Deshpande
Remainder of title economic discrimination in contemporary India /
260 ## - PUBLICATION, DISTRIBUTION, ETC. (IMPRINT)
Place of publication, distribution, etc New Delhi
Name of publisher, distributor, etc Oxford University Press
Date of publication, distribution, etc 2017
270 ## - ADDRESS
Address YMCA Library Buiding 1 Jai Singh
City New Delhi
Postal code 110001
300 ## - PHYSICAL DESCRIPTION
Extent xxxix,297p.
Dimensions 23cm(pbk)
500 ## - GENERAL NOTE
General note Includes bibliographical references andindex
942 ## - ADDED ENTRY ELEMENTS (KOHA)
Source of classification or shelving scheme Dewey Decimal Classification
Item type English Books
Classification part 305.51220954
Call number suffix DES
Holdings
Withdrawn status Lost status Not for loan Collection code Home library Current library Date acquired Source of acquisition Cost, normal purchase price Full call number Barcode Copy number Cost, replacement price Koha item type
    Not For Loan Non-fiction D.B.Act.Division Bawana 28/03/2017 DBAD/PUB 495.00 305.51220954 DES EN-101144 1 495.00 English Books

© Delhi Public Library
Hit Counter
free hit counter